Islamic Education Compulsory (Record no. 34610)
[ view plain ]
| 000 -LEADER | |
|---|---|
| fixed length control field | 00424nam a2200133Ia 4500 |
| 008 - FIXED-LENGTH DATA ELEMENTS--GENERAL INFORMATION | |
| fixed length control field | 231019s9999 xx 000 0 und d |
| 082 ## - DEWEY DECIMAL CLASSIFICATION NUMBER | |
| Classification number | 297.05 |
| Item number | BUK-I |
| 100 ## - MAIN ENTRY--AUTHOR | |
| Author Name | A.S.Bukhari, M.D Zafar, Dr.M.Yahya,Prof.Abdulsattar Shakir, Hafiz Aitebar Khan, Ahmad Awan & Z.S.Bukhari |
| 245 #0 - TITLE STATEMENT | |
| Title | Islamic Education Compulsory |
| 260 ## - PUBLICATION, DISTRIBUTION, ETC. | |
| Place of Publication | Lahore, Pakistan |
| Name of publisher, distributor, etc. | Aziz Book Depot |
| Date of publication, distribution, etc. | 2017 |
| 300 ## - PHYSICAL DESCRIPTION | |
| Pages | 371 |
| 650 ## - SUBJECT ADDED ENTRY--TOPICAL TERM | |
| Subject / Department | Islamyat |
No items available.
